[Event "GER-chB U25"]
[Site "Oberhof"]
[Date "2011.06.18"]
[Round "9"]
[White "Fabiunke, Jakob"]
[Black "Oberhofer, Cedric"]
[Result "1-0"]
[WhiteElo "1344"]
[BlackElo "1409"]
[PlyCount "137"]
[EventDate "2011.06.11"]
[EventType "swiss"]
[EventRounds "9"]
[EventCountry "GER"]
[SourceTitle "CBM 142 Extra"]
[Source "ChessBase"]
[SourceDate "2011.06.27"]
[SourceVersion "1"]
[SourceVersionDate "2011.06.27"]
[SourceQuality "1"]

1. d4 Nf6 2. c4 c5 3. d5 e6 4. Nc3 exd5 5. Nxd5 d6 6. Nf3 g6 7. g3 Bg7 8. Bg2 0-0 9. 0-0 Nbd7 10. Bf4 Nxd5 11. Qxd5 Bxb2 12. Rab1 Be5 13. Nxe5 dxe5 14. Bxe5 Re8 15. Bf4 Rxe2 16. Qd3 Rxa2 17. Bxb7 Bxb7 18. Rxb7 Nf8 19. Qf3 Ne6 20. Be3 Qe8 21. Rd1 Rb8 22. Rbd7 Kg7 23. h4 Ra1 24. Qxf7+ Qxf7 25. Rxf7+ Kxf7 26. Rxa1 Rb7 27. Ra5 Rc7 28. Kf1 Kf6 29. Ke1 Kf5 30. Kd2 Ke4 31. Kc3 Nd4 32. Kb2 Kd3 33. Bf4 Rb7+ 34. Ka2 Kxc4 35. Bd6 Ne6 36. f4 Kd5 37. Be5 Kc4 38. Bd6 h5 39. Ka3 Rb3+ 40. Ka2 Rxg3 41. Rxa7 Rg4 42. Bb8 Rxh4 43. f5 Nd4 44. fxg6 Rg4 45. g7 Kb5 46. Be5 Nf5 47. Rf7 Nh6 48. Rf6 Ng8 49. Rf8 Nh6 50. Rh8 Nf7 51. Bb2 Rxg7 52. Rb8+ Kc6 53. Bxg7 h4 54. Rf8 Ng5 55. Rh8 h3 56. Bf6 Ne4 57. Rxh3 Nxf6 58. Rh6 Kb5 59. Rxf6 Kb4 60. Kb2 Kc4 61. Kc2 Kd4 62. Rf4+ Ke5 63. Rh4 Kd6 64. Kc3 Kd5 65. Rh5+ Kd6 66. Kc4 Kc6 67. Rxc5+ Kd6 68. Ra5 Ke6 69. Kd4 1-0

[Event "GER-chT U12"]
[Site "Gross Doelln"]
[Date "2010.12.29"]
[Round "5.4"]
[White "Ehmann, Thilo"]
[Black "Fabiunke, Jakob"]
[Result "1-0"]
[WhiteElo "1288"]
[BlackElo "1385"]
[PlyCount "93"]
[EventDate "2010.12.27"]
[EventType "team-swiss"]
[EventRounds "7"]
[EventCountry "GER"]
[SourceTitle "CBM 140 Extra"]
[Source "ChessBase"]
[SourceDate "2011.03.01"]
[SourceVersion "1"]
[SourceVersionDate "2011.03.01"]
[SourceQuality "1"]
[WhiteTeam "Sasbach U12"]
[BlackTeam "Weissensee U12"]
[WhiteTeamCountry "GER"]
[BlackTeamCountry "GER"]

1. e4 e5 2. Nf3 Nc6 3. d4 exd4 4. Bc4 Nf6 5. e5 d5 6. Bb5 Ne4 7. Nxd4 Bd7 8. Bxc6 bxc6 9. 0-0 Bc5 10. f3 Ng5 11. f4 Ne4 12. Be3 0-0 13. Nd2 Nxd2 14. Qxd2 Qe7 15. Nb3 Bb6 16. Qf2 f6 17. Bc5 Bxc5 18. Qxc5 Qe8 19. Rfe1 fxe5 20. Rxe5 Qg6 21. Rf1 Bh3 22. Rg5 Qe4 23. Qc3 Rf7 24. gxh3 Qe7 25. Re5 Qd6 26. Nc5 Qg6+ 27. Rg5 Qh6 28. Qg3 Raf8 29. Rf2 Qd6 30. Nd3 g6 31. Ne5 Rf5 32. Rxf5 Rxf5 33. Qg4 Qc5 34. Nxg6 Rf7 35. Qc8+ Kg7 36. Ne5 Re7 37. Qg4+ Kh8 38. Qf5 Rg7+ 39. Kf1 Qb5+ 40. c4 Qb4 41. Nf7+ Rxf7 42. Qxf7 Qxc4+ 43. Re2 h5 44. Qf8+ Kh7 45. Qf5+ Kh8 46. Qe5+ Kh7 47. Kf2 1-0

[Event "Berlin-ch Class-D"]
[Site "Berlin"]
[Date "2010.05.16"]
[Round "8"]
[White "Eichner, Enrico"]
[Black "Fabiunke, Jakob"]
[Result "0-1"]
[WhiteElo "856"]
[BlackElo "1222"]
[PlyCount "34"]
[EventDate "2010.05.12"]
[EventType "tourn"]
[EventRounds "9"]
[EventCountry "GER"]
[SourceTitle "EXT 2012"]
[Source "ChessBase"]
[SourceDate "2011.11.24"]
[SourceVersion "1"]
[SourceVersionDate "2011.11.24"]
[SourceQuality "1"]

1. d4 d5 2. e3 Nf6 3. Bd3 Nc6 4. c3 e5 5. f4 Bg4 6. Ne2 exf4 7. exf4 Bd6 8. 0-0 0-0 9. Be3 Re8 10. Bf2 Bxf4 11. Re1 Qd6 12. Bh4 Bxh2+ 13. Kh1 Re3 14. Bxf6 Qxf6 15. Kxh2 Rh3+ 16. gxh3 Qf2+ 17. Kh1 Bf3# 0-1

[Event "Berlin-ch Class-D"]
[Site "Berlin"]
[Date "2010.05.16"]
[Round "9"]
[White "Fabiunke, Jakob"]
[Black "Wierzbicki, Jirawat"]
[Result "0-1"]
[WhiteElo "1222"]
[BlackElo "1183"]
[PlyCount "92"]
[EventDate "2010.05.12"]
[EventType "tourn"]
[EventRounds "9"]
[EventCountry "GER"]
[SourceTitle "EXT 2012"]
[Source "ChessBase"]
[SourceDate "2011.11.24"]
[SourceVersion "1"]
[SourceVersionDate "2011.11.24"]
[SourceQuality "1"]

1. d4 Nf6 2. c4 c5 3. dxc5 e5 4. Nc3 Bxc5 5. Bg5 h6 6. Bh4 Nc6 7. e3 Be7 8. Bd3 d5 9. Bxf6 Bxf6 10. cxd5 Ne7 11. Bc4 Nf5 12. Nf3 Nd6 13. Bb3 Bf5 14. Nd2 e4 15. Ba4+ Kf8 16. Bb3 Rc8 17. Rc1 Qa5 18. 0-0 Bxc3 19. Rxc3 Rxc3 20. bxc3 Qxc3 21. Qc1 Qf6 22. Qc7 Qe7 23. Qb8+ Nc8 24. d6 Qxd6 25. Qxd6+ Nxd6 26. Rc1 Ke7 27. Bd5 Kd7 28. h3 Rc8 29. Rxc8 Kxc8 30. Kf1 Kd7 31. Ke2 Be6 32. Bb3 Bxb3 33. Nxb3 Nc4 34. Nc5+ Kc6 35. Nxe4 b5 36. Kd3 a5 37. g3 Kd5 38. Nc3+ Kc5 39. h4 Kb4 40. g4 Ne5+ 41. Kd4 Nf3+ 42. Kd3 Nxh4 43. f4 Ng6 44. Nb1 Ne7 45. f5 Nc6 46. e4 Ne5+ 0-1

[Event "Berlin-ch Class-D"]
[Site "Berlin"]
[Date "2010.05.15"]
[Round "7"]
[White "Fabiunke, Jakob"]
[Black "Zhang, Yichi"]
[Result "1-0"]
[WhiteElo "1222"]
[BlackElo "805"]
[PlyCount "79"]
[EventDate "2010.05.12"]
[EventType "tourn"]
[EventRounds "9"]
[EventCountry "GER"]
[SourceTitle "EXT 2012"]
[Source "ChessBase"]
[SourceDate "2011.11.24"]
[SourceVersion "1"]
[SourceVersionDate "2011.11.24"]
[SourceQuality "1"]

1. d4 d5 2. Nf3 f6 3. c4 dxc4 4. Nc3 Nc6 5. e4 e5 6. dxe5 Qxd1+ 7. Nxd1 fxe5 8. Bxc4 Nf6 9. Ng5 h6 10. Nf7 Rh7 11. 0-0 Nd4 12. Nxe5 Nxe4 13. Bd3 Bf5 14. Be3 Bc5 15. g4 Nd2 16. Bxf5 Nxf1 17. Bxh7 Nxe3 18. Nxe3 0-0-0 19. Bf5+ Nxf5 20. Nxf5 Rd2 21. Ne3 Bd4 22. Nf3 Bxb2 23. Rb1 Re2 24. Kf1 Rxe3 25. fxe3 Ba3 26. Rd1 Bd6 27. Nd4 Bxh2 28. Ne6 b6 29. Nxg7 Kb7 30. e4 a5 31. Nf5 c5 32. Nxh6 Bf4 33. Nf7 c4 34. g5 c3 35. g6 c2 36. Re1 Bd2 37. Ra1 Bh6 38. Nxh6 b5 39. g7 b4 40. g8Q 1-0

[Event "GER-ch U10"]
[Site "Willingen"]
[Date "2009.06.05"]
[Round "10"]
[White "Fabiunke, Jakob"]
[Black "Mehsin, Yazan"]
[Result "1-0"]
[WhiteElo "1289"]
[BlackElo "1180"]
[PlyCount "73"]
[EventDate "2009.05.30"]
[EventType "swiss"]
[EventRounds "11"]
[EventCountry "GER"]
[SourceTitle "EXT 2010"]
[Source "ChessBase"]
[SourceDate "2010.11.25"]
[SourceVersion "1"]
[SourceVersionDate "2010.11.25"]
[SourceQuality "1"]

1. d4 d5 2. Nf3 Nf6 3. c4 c6 4. Nc3 e6 5. Bg5 Nbd7 6. e3 Qa5 7. a3 Ne4 8. Qa4 Qb6 9. Qc2 Qa5 10. Bd3 Nxg5 11. Nxg5 dxc4 12. Bxc4 Qxg5 13. 0-0 Bd6 14. Ne4 Qe7 15. Nxd6+ Qxd6 16. Bd3 e5 17. dxe5 Nxe5 18. Rad1 Qf6 19. Be2 0-0 20. f4 Ng6 21. Bd3 Bg4 22. Rd2 Qe6 23. e4 Rad8 24. f5 Bxf5 25. exf5 Qe3+ 26. Kh1 Nf4 27. Rf3 Qd4 28. f6 Rfe8 29. Bxh7+ Kh8 30. fxg7+ Kxg7 31. Rg3+ Ng6 32. Rxg6+ Kxh7 33. Re6+ Kg7 34. Rxd4 Rxe6 35. Qf2 Rxd4 36. Qxd4+ f6 37. Qd7+ 1-0